| 000 -LEADER |
| fixed length control field |
01106nam a22002297a 4500 |
| 001 - CONTROL NUMBER |
| control field |
21705 |
| 003 - CONTROL NUMBER IDENTIFIER |
| control field |
BD-DhUAP |
| 005 - DATE AND TIME OF LATEST TRANSACTION |
| control field |
20220728183537.0 |
| 008 - FIXED-LENGTH DATA ELEMENTS--GENERAL INFORMATION |
| fixed length control field |
220723b২০১৩২০১৯Bg ||||| |||| 001 0beng d |
| 020 ## - INTERNATIONAL STANDARD BOOK NUMBER |
| International Standard Book Number |
98484660044 |
| 040 ## - CATALOGING SOURCE |
| Original cataloging agency |
BD-ChCU |
| Language of cataloging |
Ben ,Eng |
| Transcribing agency |
BD-DhUAP |
| Modifying agency |
BD-DhUAP |
| Description conventions |
BD-DhUAP |
| 082 ## - DEWEY DECIMAL CLASSIFICATION NUMBER |
| Edition number |
23 |
| Classification number |
342.06 MIA |
| 100 ## - MAIN ENTRY--PERSONAL NAME |
| Personal name |
মিয়া, ছিদ্দিকুর রহমান । |
| 245 ## - TITLE STATEMENT |
| Title |
প্রশাসনিক ট্রাইব্যুনাল আইন ১৯৮০ The Administrative Tribunals Act, 1980 : |
| Remainder of title |
(শৃংখলা ও আচরন সংক্রান্ত আইনকানুন with all allied laws, Rules and up to date Decisions ) / |
| Statement of responsibility, etc. |
ছিদ্দিকুর রহমান মিয়া। |
| 250 ## - EDITION STATEMENT |
| Edition statement |
পরি সং |
| 260 ## - PUBLICATION, DISTRIBUTION, ETC. |
| Place of publication, distribution, etc. |
ঢাকা : |
| Name of publisher, distributor, etc. |
নিউ ওয়াসী বুক কর্পোরেশন, |
| Date of publication, distribution, etc. |
২০১৯ । |
| 300 ## - PHYSICAL DESCRIPTION |
| Extent |
৩৮৪ পৃ. ; |
| Other physical details |
২২ সে.মি. |
| 504 ## - BIBLIOGRAPHY, ETC. NOTE |
| Bibliography, etc. note |
index. Biblio: |
| 650 ## - SUBJECT ADDED ENTRY--TOPICAL TERM |
| Topical term or geographic name entry element |
প্রশাসনিক আইন। |
| 650 ## - SUBJECT ADDED ENTRY--TOPICAL TERM |
| Topical term or geographic name entry element |
আইন। |
| 942 ## - ADDED ENTRY ELEMENTS (KOHA) |
| Source of classification or shelving scheme |
|
| Koha item type |
Book |